| 000 | 00465 a2200157 4500 | ||
|---|---|---|---|
| 020 | _a0070406693 | ||
| 040 |
_aDLC _bDLC |
||
| 082 | _a150.1 | ||
| 100 | 1 | 0 | _aMarx, Melvin Herman. |
| 245 | 1 | 0 |
_aSystems and theories in psychology _c Melvin H. Marx and William A. Hillix |
| 260 | 0 |
_aIslamabad _bNational Book Foundation |
|
| 300 |
_axv, 489 p _b. _c. 24 cm. |
||
| 650 | 0 |
_aPsychology _xPhilosophy. |
|
| 700 | 2 | 0 |
_aCronan-Hillix, W. A _d, 1927- |
| 942 |
_cBK _k150.1 MAR _2ddc |
||
| 999 |
_c6974 _d6974 |
||